1322 1161 1318 1644 1088 1376 1361 1467 1688 1607 1377 1716 1389 1459 1596 1120 1385 1630 1920 1942 1835 1360 1292 1153 1860 1202 1636 1815 1829 1696 1399 1343 1097 1486 1246 1025 1745 1276 1213 1017 1190 1309 1137 1852 1399 1391 1363 1581 1708 1478 1495 1034 1890 1277 1742 1175 1514 1758 1609 1619 1158 1806 1745 1983 1454 1406 1964 1188 1753 1956 1760 1425 1615 1927 1794 1232 1556 1473 1425 1753 1915 1827 1600 1731 1480 1846 1817 1514 1454 1656 1986 1198 1927 1842 1126 1230 1753 1920 1071 BCNSPRNW ULIB Ver.6.0+V

เปลี่ยนเป็นภาษาไทย

Change to English
 แสดงรายละเอียดบรรณานุกรม
  กลับหน้าหลัก

Brief Record : Get Marc (ISO 2709) : E-mail record : QR code < ปิดหน้าต่าง
LEADER : 00000nam 2200000uu 4500
001    13399128974
003     ULIB
008    020711s2563 th a 000 0 tha d
020    ^a9786165724135
050    ^aBF636^bอ173ส
100    ^aอนันท์ หารวัง
245    ^aสั่งจิตชีวิตเปลี่ยน
250    ^aพิมพ์ครั้งที่ 1
260    ^aกรุงเทพฯ :^bอมรินทร์,^c2563
300    ^a165 หน้า;^c19 ซม.
650    ^aความสำเร็จ
650    ^aการปรับพฤติกรรม
650    ^aจิตวิทยาสื่อประสาท (NLP)
945    ^p180^l0^i011202
999    ^aประนอม เกษจรัล
รายการนี้ยังไม่มีแท็ก
คุณยังไม่ได้ล็อกอิน คุณสามารถมีกิจกรรมร่วมกับเว็บไซต์ได้ แต่ต้องล็อกอินก่อน ::
  ล็อกอิน

รายการสื่อสารสนเทศ

ลำดับที่ ประเภท เลขเรียก/บาร์โค้ด สถานที่ สถานะ
1. การศึกษาทั่วไป
การศึกษาทั่วไป
BF636 อ173ส ฉ.1 
  Barcode: 011202
ห้องสมุดวิทยาเขตสวรรค์ประชารักษ์
►หนังสือทั่วไป
บนชั้น

รายการใกล้เคียง
    หัวเรื่อง [ความสำเร็จ]
    หัวเรื่อง [การปรับพฤติกรรม]

BibComment


ยังไม่เคยถูกคอมเมนท์

คอมเมนท์ทรัพยากรรายการนี้
  คอมเมนท์: สั่งจิตชีวิตเปลี..


 Copyright 2026. Bcnsprnw @Library